LEADER 00776nam0-2200265 --450 001 9910914898903321 005 20241212132203.0 100 $a20241212d1958----kmuy0itay5050 ba 101 0 $ager 102 $aDE 105 $a 001yy 200 1 $aPhilosophie$fmit einer Einleitung von Helmut Plessner$gherausgegeben von Alwin Diemer und Ivo Frenzel 210 $aFrankfurt am Main$aHamburg$cFischer$d1958 215 $a375 p.$d18 cm 225 1 $a<>Fischer Lexikon$v11 702 1$aFrenzel,$bIvo 702 1$aPlessner,$bHelmuth 702 1$aDiemer,$bAlwin 801 0$aIT$bUNINA$gREICAT$2UNIMARC 901 $aBK 912 $a9910914898903321 952 $aDAM A05 EINH 01$b2024/3263$fFLFBC 959 $aFLFBC 996 $aPhilosophie$959807 997 $aUNINA